La crisis política en El Salvador
Kaydedildi:
| Materyal Türü: | Metin |
|---|---|
| Konular: | |
| Etiketler: |
Etiketle
Etiket eklenmemiş, İlk siz ekleyin!
|
MARC
| LEADER | 00000 a a2200000 04500 | ||
|---|---|---|---|
| 001 | 17930 | ||
| 003 | |||
| 040 | |||
| 245 | |a La crisis política en El Salvador | ||
| 650 | |a CRISIS POLITICA | ||
| 650 | |a COMUNISMO | ||
| 650 | |a EL SALVADOR | ||
| 773 | |g volumen 4, número 2; páginas 13 | ||
| 999 | |c 36318 |d 36318 | ||
| 773 | 0 | |0 42391 |9 3754 |a Agencia Latinoamericana de Información, ALAI |d Quito, Ecuador: ALAI |o 03806 |t ALAI: |x 08275564 (Servicio mensual de información y documentación) | |
